Gaming Quiz

Random Gaming Quiz

Magic the Gathering: Banned and Restricted Quiz Stats

 Plays Quiz not verified by Sporcle

Score 0/71 Timer 10:00
0 Plays Today
Legality Card % Correct
Vintage restricted, Legacy bannedBlack Lotus
91.5%
Vintage restricted, Legacy bannedMox Emerald
87.6%
Vintage restricted, Legacy bannedMox Ruby
87.6%
Vintage restricted, Legacy bannedMox Pearl
85.4%
Vintage restricted, Legacy bannedMox Jet
85.2%
Vintage restricted, Legacy bannedMox Sapphire
85.2%
Vintage restricted, Legacy bannedAncestral Recall
76.4%
Vintage restricted, Legacy bannedTime Walk
76.2%
Vintage restricted, Legacy bannedTimetwister
74.9%
Banned in all formats Chaos Orb
63.1%
Vintage restricted, Legacy legalBrainstorm
60.9%
Vintage restricted, Legacy legalPonder
60.9%
Vintage restricted, Legacy bannedDemonic Tutor
59.4%
Vintage restricted, Legacy bannedTime Vault
56.6%
Vintage restricted, Legacy bannedYawgmoth's Will
56.1%
Vintage restricted, Legacy bannedSol Ring
54.8%
Vintage restricted, Legacy bannedYawgmoth's Bargain
54.4%
Vintage restricted, Legacy bannedVampiric Tutor
54.1%
Banned in all formats Shahrazad
53.5%
Vintage restricted, Legacy bannedMana Vault
53.3%
Vintage restricted, Legacy bannedTolarian Academy
52.8%
Vintage restricted, Legacy bannedMana Crypt
51.5%
Vintage restricted, Legacy bannedNecropotence
51.3%
Banned in all formats Contract from Below
51.1%
Vintage restricted, Legacy bannedLibrary of Alexandria
49.8%
Vintage legal, Legacy bannedGush
48.5%
Vintage restricted, Legacy bannedTinker
47.6%
Banned in all formats Falling Star
47.2%
Vintage restricted, Legacy bannedWheel of Fortune
46.9%
Banned in all formats Jeweled Bird
46.5%
Banned in all formats Demonic Attorney
46.3%
Vintage restricted, Legacy bannedStrip Mine
46.3%
Vintage restricted, Legacy legalLotus Petal
46.3%
Vintage restricted, Legacy bannedBalance
46.1%
Vintage legal, Legacy bannedBazaar of Baghdad
46.1%
Vintage restricted, Legacy bannedChannel
45.9%
Legality Card % Correct
Vintage legal, Legacy bannedMishra's Workshop
45.9%
Vintage restricted, Legacy bannedMystical Tutor
44.3%
Vintage restricted, Legacy bannedFastbond
42.4%
Vintage legal, Legacy bannedSurvival of the Fittest
41.9%
Vintage legal, Legacy bannedSkullclamp
41.3%
Vintage restricted, Legacy legalLion's Eye Diamond
40.8%
Vintage restricted, Legacy bannedImperial Seal
40.6%
Banned in all formats Amulet of Quoz
39.5%
Vintage legal, Legacy bannedMana Drain
38.6%
Vintage restricted, Legacy bannedWindfall
38.2%
Vintage restricted, Legacy bannedMemory Jar
37.3%
Vintage restricted, Legacy bannedDemonic Consultation
36.7%
Vintage restricted, Legacy bannedMind's Desire
36.5%
Vintage restricted, Legacy legalTrinisphere
36.2%
Vintage legal, Legacy bannedOath of Druids
36%
Vintage restricted, Legacy legalGifts Ungiven
36%
Banned in all formats Darkpact
35.8%
Banned in all formats Timmerian Fiends
34.9%
Banned in all formats Tempest Efreet
34.7%
Vintage restricted, Legacy legalMerchant Scroll
34.5%
Banned in all formats Bronze Tablet
34.3%
Vintage legal, Legacy bannedWorldgorger Dragon
33.8%
Vintage restricted, Legacy legalBurning Wish
33%
Vintage legal, Legacy bannedHermit Druid
32.5%
Vintage restricted, Legacy bannedFlash
31.7%
Vintage restricted, Legacy legalFact or Fiction
31%
Banned in all formats Rebirth
30.3%
Vintage legal, Legacy bannedGoblin Recruiter
29.9%
Vintage legal, Legacy bannedMind Twist
29.5%
Vintage restricted, Legacy legalRegrowth
27.9%
Vintage restricted, Legacy legalThirst for Knowledge
26%
Vintage legal, Legacy bannedFrantic Search
25.5%
Vintage legal, Legacy bannedBlack Vise
23.6%
Vintage legal, Legacy bannedLand Tax
23.6%
Vintage legal, Legacy bannedEarthcraft
22.7%

You're not logged in!

Compare scores with friends on all Sporcle quizzes.
OR
Log In

Show Comments

Extras

Top Quizzes Today


Score Distribution

Your Account Isn't Verified!

In order to create a playlist on Sporcle, you need to verify the email address you used during registration. Go to your Sporcle Settings to finish the process.

Report this User

Report this user for behavior that violates our Community Guidelines.

Details: